Montes de Oro: Organizaciones y líderes en la comunidad /

Salvato in:
Dettagli Bibliografici
Enti autori: Instituto de Fomento y Asesoría Municipal [Costa Rica], Acción Internacional Técnica, División de Acción Internacional
Natura: testo
Pubblicazione: San José: IFAM. AITEC
Tags: Aggiungi Tag
Nessun Tag, puoi essere il primo ad aggiungerne!!

MARC

LEADER 00000 a a2200000 04500
001 16932
003
040
090 |a 008800  
110 |a Instituto de Fomento y Asesoría Municipal [Costa Rica]  
245 |a Montes de Oro: Organizaciones y líderes en la comunidad /  |c Instituto de Fomento y Asesoría Municipal [Costa Rica]  
260 |a San José:   |b IFAM. AITEC  
300 |a 6 p.  
710 |a Acción Internacional Técnica, División de Acción Internacional  
999 |c 15387  |d 15387